01386nam a2200325Ia 4500001001200000003000800012006001900020007001500039008004100054020001800095020001800113020001500131020002700146040002100173035002100194050002400215100002500239245011700264260012700381300001500508504005100523533015200574650003300726650006500759650004700824655002900871710001700900856012600917999001701043ebr10579001CaPaEBRm u cr cn|||||||||111117s2012 enk sb 001 0 eng d z9780745332567 z9781849646550 z0745332560 z0745332552 (paperback) aCaPaEBRcCaPaEBR a(OCoLC)80834639214aKD3073b.R46 2012eb1 aRenton, Dave,d1972-10aStruck outh[electronic resource] :bwhy employment tribunals fail workers and what can be done /cDavid Renton. aLondon :bPluto Press ;aNew York :bDistributed in the United States of America exclusively by Palgrave Macmillan,c2012. axv, 176 p. aIncludes bibliographical references and index. aElectronic reproduction.bPalo Alto, Calif. :cebrary,d2011.nAvailable via World Wide Web.nAccess may be limited to ebrary affiliated libraries. 0aLabor courtszGreat Britain. 0aArbitration, IndustrialxLaw and legislationzGreat Britain. 0aLabor laws and legislationzGreat Britain. 7aElectronic books.2local2 aebrary, Inc.40uhttp://site.ebrary.com/lib/rucke/Doc?id=10579001zAn electronic book accessible through the World Wide Web; click to view c85573d85573